Āb-i ravān̲ / (Record no. 56091)

MARC details
000 -LEADER
fixed length control field 00550cam a2200217 a 4500
001 - CONTROL NUMBER
control field sa 64000203
003 - CONTROL NUMBER IDENTIFIER
control field DLC
005 - DATE AND TIME OF LATEST TRANSACTION
control field 20260227111954.0
008 - FIXED-LENGTH DATA ELEMENTS--GENERAL INFORMATION
fixed length control field 950622s1962 pk 000 0 urdo
010 ## - LIBRARY OF CONGRESS CONTROL NUMBER
LC control number sa 64000203
025 ## - OVERSEAS ACQUISITION NUMBER
Overseas acquisition number PL480:P-U-101
035 ## - SYSTEM CONTROL NUMBER
System control number (OCoLC)32693376
040 ## - CATALOGING SOURCE
Original cataloging agency DLC
Transcribing agency DLC
050 00 - LIBRARY OF CONGRESS CALL NUMBER
Classification number PK2200.Z313
Item number A7 1962
100 0# - MAIN ENTRY--PERSONAL NAME
Personal name Ẓafar Iqbāl,
Dates associated with a name 1933-
245 10 - TITLE STATEMENT
Title Āb-i ravān̲ /
Statement of responsibility, etc. Ẓafar Iqbāl.
260 ## - PUBLICATION, DISTRIBUTION, ETC.
Date of publication, distribution, etc. Lāhaur :
Name of publisher, distributor, etc. Nayā Idārah,
Date of publication, distribution, etc. 1962.
300 ## - PHYSICAL DESCRIPTION
Extent 100 p. ;
Dimensions 22 cm.
500 ## - GENERAL NOTE
General note Poems.
546 ## - LANGUAGE NOTE
Language note In Urdu.

No items available.

Powered by Koha